• 首页
  • 本馆介绍
  • 公告通知
  • 最新文献
  • 馆藏检索
  • 电子资源
  • 读者导购
  • 参考咨询
  • 我的图书馆
  • 登录
  • 详细信息显示
  • 放入我的书架
  • 预约/预借图书
  • 作者相关作品
  • 分类相关作品
  • 丛书相关作品
  • 出版社相关作品

书目信息

  • 表格格式
  • 工作单格式
  • 卡片格式
题名:
胎教与优生200问
    
 
作者: 罗虹 江朝光
分册:  
出版信息: 北京   金盾出版社  1992.08
页数: 190页
开本: 32开
丛书名:
单 册:
中图分类: R714.16-44
科图分类:
主题词: 产科学
电子资源:
ISBN: 7-80022-503-8
000 00542nam0 2200181 45
001 9911301546
005 19991130153557.2
010    @a7-80022-503-8@d5.70
100    @a19991130d1992 km y0chiy0120 ea
101    @achi
105    @a z 000yy
200 1  @a胎教与优生200问@ATai Jiao Yu You Sheng 200 Wen@f罗虹 江朝光@FLuo Hong Jiang Chao Guang
210    @a北京@c金盾出版社@d1992.08
215    @a190页@c无图表@d32开
606 0  @a产科学
690    @aR714.16-44@v3
801    @aCN@bPerfectUser@c19991130
905    @aBZT@b47990-994@f8@dR714.16-44@e1
    
    胎教与优生200问/罗虹 江朝光.-北京:金盾出版社,1992.08
    190页:无图表;32开
    
    
    ISBN 7-80022-503-8:5.70
    
●
相关链接 在五车中查询图书 在当当中查询图书 在豆瓣中查询图书


正题名:胎教与优生200问     索取号:R714.16-44/1         预约/预借

序号 登录号 条形码 馆藏地/架位号 状态 备注
1 47990   200578133   中心书库中库/ 中库012架B面5列5层39/ [索取号:R714.16-44/1] 在馆    
2 47992   200578115   中心书库中库/ 中库012架B面5列2层34/ [索取号:R714.16-44/1] 在馆    
3 47993   200578160   中心书库中库/ 中库012架B面5列2层35/ [索取号:R714.16-44/1] 在馆    
4 47994   200578179   中心书库中库/ 中库012架B面5列2层36/ [索取号:R714.16-44/1] 在馆    
5 51861   200578240   中心书库中库/ 中库012架B面5列2层39/ [索取号:R714.16-44/1] 在馆    
6 51862   200578231   中心书库中库/ 中库012架B面5列2层41/ [索取号:R714.16-44/1] 在馆    
7 51863   200578188   中心书库中库/ 中库012架B面5列2层43/ [索取号:R714.16-44/1] 在馆    
山东省滨州职业学院图书馆 欢迎您!
大连网信软件有限公司© 版权所有